Statystyki dla W JAKIM SKLEPIE MOŻNA ZBIERAĆ PUNKTY?

Kliknij tutaj aby rozwiązać quiz!

Ogólne statystyki

  • Ten quiz został rozwiązany 172 razy
  • Średni wynik to 3 z 6

Statystyki odpowiedzi

Odpowiedź% Poprawnych
BIEDRONKA
91%
ŻABKA
86%
KAUFLAND
47%
TESCO
23%
ORLEN
22%
DELIKATESY CENTRUM
12%

Rozkład punktacji

Percentyl według liczby udzielonych odpowiedzi

Procent ludzi z każdym wynikiem

Twoja historia wyników

Nie rozwiązałeś tego quizu